[Event "21st CRO-Cup"]
[Site "Sibenik CRO"]
[Date "2012.05.20"]
[Round "6.13"]
[White "Bosiocic,Mari"]
[Black "Jankovic,A"]
[Result "1-0"]
[WhiteElo "2555"]
[BlackElo "2564"]

1.d4 d5 2.Nf3 Nf6 3.c4 c6 4.Nc3 a6 5.e3 b5 6.c5 Nbd7 7.a3 Qc7 8.b4 g6 9.a4 Bb7
10.axb5 axb5 11.Rxa8+ Bxa8 12.Bb2 Bg7 13.Be2 O-O 14.O-O Bb7 15.Qc2 Ra8 16.h3 Bc8
17.Bd3 Ne8 18.Re1 Nef6 19.Qb3 e6 20.Ne2 Ra4 21.Ne5 Ne8 22.f4 f5 23.Nc3 Nxe5
24.dxe5 Ra8 25.Ne2 Bd7 26.Nd4 Qd8 27.Re2 Bf8 28.Qc3 Ng7 29.g3 Ra2 30.Rg2 Qe7
31.Nf3 Qd8 32.g4 Qe7 33.Bb1 Ra7 34.Qe1 Qd8 35.Bc2 Be7 36.Qc3 Bf8 37.Kh2 Qe7
38.Qe1 Qd8 39.Nd4 Ra2 40.Bb1 Ra7 41.gxf5 gxf5 42.Bxf5 exf5 43.e6 Qe8 44.exd7 Qxd7
45.Qh4 Qf7 46.Nxc6 Rc7 47.Qd8 Rd7 48.Qc8 Rc7 49.Qb8 Rb7 50.Qa8  1-0

[Event "ch-ISL Playoff 2012"]
[Site "Kopavogur ISL"]
[Date "2012.05.26"]
[Round "2"]
[White "Thorfinnsson,Br"]
[Black "Thorhallsson,T"]
[Result "1-0"]
[WhiteElo "2449"]
[BlackElo "2425"]

1.d4 d5 2.c4 c6 3.Nf3 Nf6 4.Nc3 a6 5.e3 e6 6.c5 Nbd7 7.Qc2 Be7 8.Bd2 O-O
9.Bd3 Qc7 10.Na4 Rb8 11.Bc3 h6 12.h3 Re8 13.g4 Ne4 14.Bxe4 dxe4 15.Qxe4 b5
16.cxb6 Nxb6 17.Nxb6 Qxb6 18.Ne5 c5 19.dxc5 Bxc5 20.Rd1 Qc7 21.Qf4 Re7 22.Rg1 Rb5
23.g5 Bd6 24.Rxd6 Qxd6 25.gxh6 f5 26.hxg7 Rbb7 27.Qh6 Rxg7 28.Rxg7+ Rxg7
29.Qxg7+  1-0

[Event "Albena Masters Open 2012"]
[Site "Albena BUL"]
[Date "2012.05.28"]
[Round "3.23"]
[White "Tunik,G"]
[Black "Ozkan,E"]
[Result "1-0"]
[WhiteElo "2429"]
[BlackElo "2229"]

1.d4 d5 2.c4 c6 3.Nf3 Nf6 4.Nc3 a6 5.h3 b5 6.c5 Bf5 7.Bf4 Nbd7 8.e3 e6 9.Bd3 Bg6
10.a3 Be7 11.O-O O-O 12.Bxg6 hxg6 13.b4 a5 14.Qd3 Qc8 15.Nd2 Bd8 16.Bd6 Re8
17.f4 Bc7 18.Bxc7 Qxc7 19.Nb3 axb4 20.axb4 Nf8 21.Na5 Reb8 22.Ra2 N6d7 23.Rfa1 Ra6
24.Nb3 Rxa2 25.Rxa2 f6 26.Qf1 e5 27.e4 exd4 28.Nxd4 dxe4 29.Nxe4 Re8 30.Nd6 Re3
31.Ra8 Nb8 32.Qf2 Re7 33.Rxb8 Qxb8 34.Nxc6 Qc7 35.Nxe7+ Qxe7 36.Nxb5 Qe4
37.Qd2 Ne6 38.Nd6 Qb1+ 39.Kh2 Qf1 40.c6 Nc7 41.b5 Nxb5 42.Nxb5 Qxb5 43.c7 Qc4
44.Qd8+ Kh7 45.c8=Q Qxf4+ 46.Kg1 Qe3+ 47.Kf1 Qf4+ 48.Ke2 Qe4+ 49.Kd1  1-0

[Event "Victory Day 2012"]
[Site "Moscow RUS"]
[Date "2012.06.04"]
[Round "4.1"]
[White "Kunin,V"]
[Black "Reshetnikov,Al"]
[Result "1/2-1/2"]
[WhiteElo "2513"]
[BlackElo "2521"]

1.d4 d5 2.c4 c6 3.Nf3 Nf6 4.Nc3 a6 5.c5 Nbd7 6.Bf4 Nh5 7.Bd2 Nhf6 8.Bf4 Nh5
9.Bg5 h6 10.Bd2 Nhf6 11.Bf4 Nh5 12.Be5 Nxe5 13.Nxe5 Nf6 14.e3 Bf5 15.b4 Nd7
16.Nxd7 Qxd7 17.a4 Qc7 18.f4 e6 19.Be2 Be7 20.O-O O-O 21.b5 cxb5 22.axb5 b6
23.Na4 bxc5 24.b6 Qc8 25.Nxc5 Qc6 26.Rc1 Qxb6 27.Nd7 Qb4 28.Nxf8 Bxf8 29.Bd3 Qa3
30.Bxf5 Qxe3+ 31.Kh1 exf5 32.Qa4 Re8 33.Qd7 Qe4 34.h3 a5 35.Rf3 Bb4 36.Rc8 Rxc8
37.Qxc8+ Kh7 38.Qd7 Kg8 39.Qc8+ Kh7 40.Qd7 Kg8 41.Rf1 Bd2 42.Qd8+ Kh7 43.Qc7 Qe2
44.Ra1 Be1 45.Qe5 Qf1+ 46.Kh2 Bg3+ 47.Kxg3 Qxa1 48.Qxf5+ Kg8 49.Qc8+  1/2-1/2

[Event "Alushta Summer 1 2012"]
[Site "Alushta UKR"]
[Date "2012.06.05"]
[Round "4"]
[White "Iljin,T"]
[Black "Belikov,V"]
[Result "1/2-1/2"]
[WhiteElo "2482"]
[BlackElo "2476"]

1.d4 d5 2.c4 c6 3.Nc3 Nf6 4.Nf3 a6 5.cxd5 cxd5 6.Bf4 Nc6 7.e3 Bg4 8.Bd3 e6
9.O-O Bd6 10.Bxd6 Qxd6 11.Rc1 O-O 12.h3 Bxf3 13.Qxf3 Rac8 14.Rfd1  1/2-1/2

[Event "5th Mayors Cup 2012"]
[Site "Mumbai IND"]
[Date "2012.06.08"]
[Round "2.9"]
[White "Stupak,K"]
[Black "Chakravarthi,Y"]
[Result "1-0"]
[WhiteElo "2513"]
[BlackElo "2057"]

1.d4 d5 2.Nf3 Nf6 3.c4 c6 4.Nc3 a6 5.a4 Bf5 6.Qb3 Ra7 7.Bf4 e6 8.e3 Nbd7
9.h3 h6 10.a5 g5 11.Bh2 Be7 12.Be2 O-O 13.Nd2 Re8 14.O-O Nf8 15.c5 N6d7 16.g4 Bg6
17.f4 f5 18.Nf3 Kg7 19.Nd1 h5 20.Nf2 Nh7 21.gxh5 Bxh5 22.Nd3 g4 23.Nfe5 Nxe5
24.Nxe5 Nf6 25.Kh1 Rg8 26.Rg1 Ne4 27.Rg2 Kh6 28.hxg4 fxg4 29.Bd3 Nf6 30.f5 exf5
31.Bxf5 g3 32.Bxg3 Ng4 33.Bf4+ Bg5 34.Bxg4 Bxf4 35.exf4 Rxg4  1-0

[Event "11th TCh-BIH Premier"]
[Site "Jahorina BIH"]
[Date "2012.06.10"]
[Round "9.1"]
[White "Miskovic,I"]
[Black "Miljkovic,Mir1"]
[Result "1/2-1/2"]
[WhiteElo "2186"]
[BlackElo "2474"]

1.Nf3 d5 2.d4 Nf6 3.c4 c6 4.Nc3 a6 5.e3 b5 6.b3 Bg4 7.Be2 e6 8.O-O Nbd7 9.h3 Bh5
10.a4 b4 11.Nb1 a5 12.Nbd2 Bd6 13.Bb2 Bg6 14.Rc1 h6 15.Ne5 Bxe5 16.dxe5 Ne4
17.cxd5 cxd5 18.Nxe4 Bxe4 19.f3 Bg6 20.Bb5 O-O 21.Bxd7 Qxd7 22.Bd4 Rfc8 23.Qd2 Qb7
24.Rxc8+ Rxc8 25.Rc1 Rc6 26.Kf2 Qc7 27.Rxc6 Qxc6 28.Ba7 Qc7 29.Bd4 Bf5 30.Qe2 Bc2
31.Bb6 Qxb6 32.Qxc2 d4 33.Qc8+ Kh7 34.Qc2+ g6 35.Qd2 dxe3+ 36.Qxe3 Qc7 37.f4 Qc2+
38.Kf3 Kg7 39.h4 Kf8 40.Kg3 Kg7 41.Kf3 Qd1+ 42.Kf2 Qg4 43.Qg3 Qf5 44.Qe3 g5
45.hxg5 hxg5 46.g3 Qc2+ 47.Ke1 g4 48.Kf1 Kf8 49.Ke1 Kg7 50.Kf1 Qb2 51.Kg1 Qb1+
52.Kf2 Kg6 53.Ke2 Qc2+ 54.Kf1 Kg7 55.Kg1  1/2-1/2

[Event "19th Metropolitan IM"]
[Site "Los Angeles USA"]
[Date "2012.06.10"]
[Round "8"]
[White "Kudryavtsev,V"]
[Black "Arvind,C"]
[Result "0-1"]
[WhiteElo "2142"]
[BlackElo "2317"]

1.Nf3 d5 2.d4 Nf6 3.c4 c6 4.Nc3 a6 5.c5 Bf5 6.Bf4 Nbd7 7.Qb3 Qc8 8.h3 e6
9.e3 Be7 10.Be2 Bd8 11.g4 Bg6 12.O-O-O Bc7 13.Rdg1 Ne4 14.h4 Nxf2 15.h5 Nxh1
16.hxg6 hxg6 17.Rg2 Bxf4 18.exf4 Qc7 19.Ne5 O-O-O 20.Qd1 Nxe5 21.fxe5 f6  0-1

[Event "16th Voronezh Master Open"]
[Site "Voronezh RUS"]
[Date "2012.06.16"]
[Round "5.47"]
[White "Baraeva,I"]
[Black "Chernyuk,Mikhail"]
[Result "1-0"]
[WhiteElo "2169"]
[BlackElo "2254"]

1.d4 d5 2.Nf3 Nf6 3.c4 c6 4.Nc3 a6 5.a4 a5 6.Bg5 e6 7.e3 h6 8.Bh4 Be7 9.Be2 O-O
10.O-O Na6 11.Ne5 Nd7 12.Bxe7 Qxe7 13.Nxd7 Bxd7 14.e4 dxe4 15.Nxe4 Nb4 16.Bf3 Rfd8
17.Qe2 Be8 18.Rad1 f6 19.Rfe1 Bg6 20.Rd2 e5 21.Nc3 Qd7 22.d5 Qe7 23.Red1 f5
24.Bh5 Bh7 25.dxc6 Nxc6 26.Nd5 Qc5 27.Nc7 Rac8 28.Ne6 Rxd2 29.Qxd2 Qe7 30.Qd7 Qxd7
31.Rxd7 f4 32.Rxg7+ Kh8 33.Rxb7 Bf5 34.Nc5 Nd4 35.Nd7 Rxc4 36.h3 Bxd7 37.Rxd7 Rc1+
38.Kh2 Rc2 39.Rd5 Rxf2 40.Rxe5 f3 41.Re8+ Kg7 42.Bxf3 Nxf3+ 43.Kg3 Rxb2 44.Kxf3 Ra2
45.Re4 Kf6 46.Rc4 Kg6 47.g3 h5 48.h4 Ra3+ 49.Kf4 Kg7 50.Re4 Kf6 51.Rc4 Kg7
52.Kg5 Rxg3+ 53.Kxh5 Ra3 54.Kg5 Ra1 55.Kf5 Kf7 56.Ke5 Ke7 57.Kd5 Rd1+ 58.Ke5 Ra1
59.Re4 Rd1 60.Kf5+ Kf7 61.Kg5 Rd5+ 62.Kh6 Kg8 63.Rg4+ Kh8 64.h5 Rd7 65.Rg5 Ra7
66.Kg6 Kg8 67.Kf6+ Kh7 68.Ke6 Ra6+ 69.Kd7 Kh6 70.Rd5 Ra8 71.Kc7 Re8 72.Kb6 Ra8
73.Re5 Rb8+ 74.Kxa5  1-0

[Event "16th Voronezh Master Open"]
[Site "Voronezh RUS"]
[Date "2012.06.18"]
[Round "6.37"]
[White "Cherepanov,V"]
[Black "Nevioselaya,M"]
[Result "1-0"]
[WhiteElo "2285"]
[BlackElo "2026"]

1.d4 d5 2.c4 c6 3.Nc3 Nf6 4.Nf3 a6 5.h3 dxc4 6.a4 e6 7.e3 c5 8.Bxc4 Nc6 9.O-O cxd4
10.exd4 Be7 11.Bg5 O-O 12.Qd2 Nb4 13.Ne5 Qc7 14.Rac1 Rd8 15.Rfd1 Nc6 16.Qe3 h6
17.Bxh6 Nxe5 18.dxe5 Ne8 19.Bg5 Qxc4 20.Bxe7 Rxd1+ 21.Rxd1 Qc7 22.Bd8 Qc6
23.Bb6 Bd7 24.Qd4 f6 25.a5 Bc8 26.Qd8 Kf7 27.f3 f5 28.Rd4 Rb8 29.Kh2 Ra8
30.b4 Rb8 31.h4 Ra8 32.h5 Rb8 33.Qg5 Ra8 34.h6 gxh6 35.Qxh6 Rb8 36.Rd2 Ra8
37.Qh5+ Ke7 38.Qh7+ Kf8 39.Bc5+  1-0

[Event "5th Karen Asrian Memorial"]
[Site "Jermuk ARM"]
[Date "2012.06.20"]
[Round "5.2"]
[White "Melkumyan,H"]
[Black "Simonian,H"]
[Result "1-0"]
[WhiteElo "2642"]
[BlackElo "2475"]

1.d4 d5 2.c4 c6 3.Nf3 Nf6 4.Nc3 a6 5.Qb3 b5 6.cxd5 cxd5 7.Bg5 e6 8.e3 Be7
9.Bd3 Nc6 10.O-O Bb7 11.Rfc1 O-O 12.Ne2 Rc8 13.Nf4 h6 14.Bxf6 Bxf6 15.Qd1 e5
16.Rxc6 exf4 17.Rxc8 Bxc8 18.Qd2 Bg4 19.Ne5 Bxe5 20.dxe5 f3 21.Qb4 Qg5 22.Qf4 Qxf4
23.exf4 fxg2 24.Kxg2 f6 25.Kg3 Bd7 26.Re1 Kf7 27.f5 fxe5 28.Rxe5 d4 29.Kf4 Rc8
30.Rd5 Rc7 31.Rd6 Bc8 32.Ke5 Rc1 33.Kxd4 Ke7 34.Rg6 Rd1 35.Rxg7+ Kf8 36.Rg3 Rd2
37.Ke5 Rxf2 38.Kf6 Rxh2 39.Rg7 Rd2 40.Rc7  1-0

[Event "5th Karen Asrian Memorial"]
[Site "Jermuk ARM"]
[Date "2012.06.23"]
[Round "8.7"]
[White "Kotanjian,T"]
[Black "Petrosyan,T1"]
[Result "1-0"]
[WhiteElo "2522"]
[BlackElo "2315"]

1.d4 d5 2.c4 c6 3.Nf3 Nf6 4.Nc3 a6 5.e3 b5 6.b3 Bg4 7.h3 Bxf3 8.gxf3 e6 9.Bg2 Nbd7
10.f4 Bb4 11.Bd2 O-O 12.O-O Qe7 13.Qe2 Rfb8 14.Rfb1 Nb6 15.a4 Bxc3 16.Bxc3 b4
17.a5 Nxc4 18.bxc4 bxc3 19.c5 Rb5 20.Qc2 Qb7 21.Rxb5 cxb5 22.Qxc3 Rc8 23.Rc1 Qc6
24.f3 g6 25.Qe1 Nh5 26.Qh4 Qd7 27.Rd1 Qc7 28.f5 exf5 29.e4 Nf4 30.exf5 b4
31.Bf1 b3 32.Rb1 Rb8 33.Bxa6 Nh5 34.Qe1 b2 35.Qe5 Qa7 36.f6 Ra8 37.Rxb2 h6
38.Rb6 Qd7 39.Bf1 Re8 40.Bb5  1-0

[Event "Teplice Open 2012"]
[Site "Teplice CZE"]
[Date "2012.06.23"]
[Round "8.35"]
[White "Papay,M"]
[Black "Krumm,J"]
[Result "0-1"]
[WhiteElo "1939"]
[BlackElo "2038"]

1.d4 d5 2.c4 c6 3.Nc3 Nf6 4.Nf3 a6 5.Qb3 dxc4 6.Qxc4 b5 7.Qd3 Bb7 8.e4 e6
9.Be2 c5 10.e5 cxd4 11.exf6 dxc3 12.Qxd8+ Kxd8 13.Bg5 Ke8 14.bxc3 Nd7 15.fxg7 Bxg7
16.Rc1 Rc8 17.Bd2 Nb6 18.O-O Nc4 19.Bf4 Ke7 20.Rfd1 Bd5 21.Bxc4 Rxc4 22.Be5 Bxe5
23.Nxe5 Ra4 24.Rd2 Rg8 25.g3 Rc8 26.Rcc2 Ra3 27.f4 Raxc3 28.Rxc3 Rxc3 29.Nd3 Be4
30.Nb2 Ra3  0-1

[Event "TCh-SUI National A 2012"]
[Site "Switzerland SUI"]
[Date "2012.06.24"]
[Round "5.7"]
[White "Rosenthal,Jon"]
[Black "Kuehn,Pe1"]
[Result "1/2-1/2"]
[WhiteElo "2325"]
[BlackElo "2397"]

1.d4 d5 2.c4 c6 3.Nf3 Nf6 4.Nc3 a6 5.c5 Bf5 6.Nh4 Be4 7.Bg5 Nbd7 8.f3 Bg6
9.e3 e5 10.Be2 Be7 11.O-O exd4  1/2-1/2

[Event "Stockholm Master Open 2012"]
[Site "Stockholm SWE"]
[Date "2012.06.29"]
[Round "2.4"]
[White "Lokander,M"]
[Black "Eriksson,Jor"]
[Result "1/2-1/2"]
[WhiteElo "2285"]
[BlackElo "2220"]

1.d4 d5 2.c4 c6 3.Nf3 Nf6 4.Nc3 a6 5.e3 b5 6.b3 Bg4 7.Bd2 e6 8.h3 Bxf3 9.Qxf3 b4
10.Na4 Ne4 11.Rd1 Nd7 12.Bd3 f5 13.O-O Bd6 14.Be1 O-O 15.c5 Bb8 16.Bxb4 Ndf6
17.g3 Ra7 18.Qg2 g5 19.Be1 g4 20.h4 a5 21.Nc3 Qe7 22.Ne2 Bc7 23.Rc1  1/2-1/2

[Event "ch-SLO 2012"]
[Site "Ljubljana SLO"]
[Date "2012.06.30"]
[Round "1.3"]
[White "Soln,P"]
[Black "Tratar,M"]
[Result "1/2-1/2"]
[WhiteElo "2387"]
[BlackElo "2503"]

1.d4 d5 2.c4 c6 3.Nc3 Nf6 4.Nf3 a6 5.cxd5 cxd5 6.Bf4 Nc6 7.e3 Bg4 8.Be2 e6
9.Ne5 Bxe2 10.Qxe2 Rc8  1/2-1/2

[Event "7th Vladimir Dvorkovich Cup"]
[Site "Moscow RUS"]
[Date "2012.07.01"]
[Round "3.4"]
[White "Gaboyan,S"]
[Black "Osmak,Iulija"]
[Result "0-1"]
[WhiteElo "1898"]
[BlackElo "2143"]

1.d4 d5 2.c4 c6 3.Nf3 Nf6 4.Nc3 a6 5.e3 b5 6.b3 Bg4 7.h3 Bh5 8.g4 Bg6 9.Ne5 b4
10.Nxg6 hxg6 11.Na4 Nbd7 12.Bb2 e6 13.c5 Ne4 14.Bd3 f5 15.Qe2 Qh4 16.Rh2 Ndf6
17.O-O-O Nxg4 18.f3 Ng3 19.Qd2 Nxh2 20.Qxh2 Qxh3 21.Qxh3 Rxh3 22.Nb6 Ra7
23.Nc8 Rc7 24.Bxa6 Rh2 25.Kb1 Rf2 26.f4 Ne4 27.Rh1 Kf7 28.Nb6 Ra7 29.Bc8 Nd2+
30.Ka1 Nxb3+ 31.Kb1 Nd2+ 32.Ka1 Nc4 33.Nxc4 dxc4 34.d5 exd5  0-1

[Event "1st CT Casino Marina del Sol"]
[Site "Talcahuano CHI"]
[Date "2012.07.01"]
[Round "6.5"]
[White "Alarcon,Rod"]
[Black "Vizama Riveros,C"]
[Result "1-0"]
[WhiteElo "2174"]
[BlackElo "2256"]

1.d4 d5 2.c4 c6 3.Nf3 Nf6 4.Nc3 a6 5.a4 e6 6.Bf4 Bb4 7.e3 Ne4 8.Qc2 Qa5 9.Rc1 f5
10.Bd3 Nd7 11.O-O Ndf6 12.c5 Bxc3 13.bxc3 h6 14.Nd2 g5 15.Be5 O-O 16.Nb3 Qd8
17.f3 Nd7 18.fxe4 Nxe5 19.dxe5 fxe4 20.Be2 Qc7 21.Rxf8+ Kxf8 22.Rf1+ Kg8
23.Bg4 Qxe5 24.Qf2 Qg7 25.Nd4  1-0

[Event "XXI Adolf Anderssen Mem KO"]
[Site "Wroclaw POL"]
[Date "2012.07.01"]
[Round "2.2"]
[White "Stachowiak,K"]
[Black "Vysochin,S"]
[Result "1/2-1/2"]
[WhiteElo "2419"]
[BlackElo "2533"]

1.d4 d5 2.Nf3 Nf6 3.c4 c6 4.Nc3 a6 5.e3 e6 6.a4 c5 7.Be2 Nc6 8.O-O Bd6 9.cxd5 exd5
10.dxc5 Bxc5 11.Nd4 O-O 12.Bf3 Ne5 13.Nce2 Nxf3+ 14.Nxf3 Bg4 15.Ned4 Rc8
16.h3 Bh5 17.Qb3 Qe7 18.Bd2 Ne4 19.Ba5 b6 20.Bxb6 Bxd4 21.Nxd4 Nd2 22.Qxd5 Nxf1
23.Qxh5 Nxe3 24.fxe3 Qxe3+ 25.Kh2 Qf4+ 26.Kh1 Rc1+ 27.Rxc1 Qxc1+ 28.Kh2 Qf4+
29.Kh1 Qf1+ 30.Kh2 Qf4+ 31.Kh1 Qf1+  1/2-1/2

[Event "40th TCh-GRE 2012"]
[Site "Achaea GRE"]
[Date "2012.07.02"]
[Round "4.7"]
[White "Pavlidis,Ana"]
[Black "Svetushkin,D"]
[Result "0-1"]
[WhiteElo "2360"]
[BlackElo "2597"]

1.d4 d5 2.c4 c6 3.Nf3 Nf6 4.Nc3 a6 5.e3 Bf5 6.c5 h6 7.Bd3 e6 8.Bxf5 exf5
9.Ne5 Nbd7 10.f4 Be7 11.O-O h5 12.b4 Nf8 13.Bd2 Ne4 14.Nf3 g5 15.a4 gxf4
16.exf4 Ne6 17.Ne2 Bf6 18.Be3 Nc7 19.Nd2 h4 20.Nb1 a5 21.Qb3 Na6 22.bxa5 Naxc5
23.Qa3 Ne6 24.Qb3 Qxa5 25.Qxb7 O-O 26.Na3 Qxa4 27.Qb2 Rfb8 28.Qc2 Nxd4 29.Nxd4 Bxd4
30.Bxd4 Qxd4+ 31.Kh1 Rb2 32.Qxc6 Rxa3 33.Qe8+ Kg7 34.Rxa3 Nf2+  0-1

[Event "ch-SLO 2012"]
[Site "Ljubljana SLO"]
[Date "2012.07.02"]
[Round "3.5"]
[White "Mejak,Severin"]
[Black "Sebenik,M"]
[Result "0-1"]
[WhiteElo "2047"]
[BlackElo "2573"]

1.d4 d5 2.c4 c6 3.Nf3 Nf6 4.Nc3 a6 5.g3 e6 6.Bg2 dxc4 7.Ne5 b5 8.Nxc6 Qb6
9.Nxb8 Rxb8 10.Bf4 Bd6 11.Bxd6 Qxd6 12.O-O O-O 13.Ne4 Nxe4 14.Bxe4 e5 15.dxe5 Qxe5
16.Qc2 g6 17.Bf3 Be6 18.a3 Rfd8 19.Rfd1 Kg7 20.Qc3 Kf6 21.Kf1 Rxd1+ 22.Rxd1 a5
23.Rd4 g5 24.Bg4 Bxg4 25.Rxg4 Qxc3 26.bxc3 Rd8 27.Ke1 Kf5 28.f3 h5 29.Re4 Rc8
30.Kd2 f6 31.Re7 Kg6 32.Ra7 Rd8+ 33.Ke1 a4 34.Rb7 Rd5 35.Rb6 g4 36.f4 h4
37.Rb8 hxg3 38.hxg3 Rh5 39.Kd2 Rh3 40.Rxb5 Rxg3 41.Rb4 Rg1 42.Rxa4 g3 43.Ra8 Kf5
44.Ke3 Kg4 45.Rg8+ Kh3 46.Rh8+ Kg2 47.Rh6 f5 48.Rh5 Rc1 49.Kd4 Kf2 50.Rxf5 g2
51.Rg5 g1=Q 52.Rxg1 Rxg1 53.Kxc4 Ke3 54.a4 Kxf4 55.a5 Ke5 56.Kc5 Ra1 57.Kb6 Kd6
58.c4 Rb1+ 59.Ka7 Kc7 60.a6 Rb6 61.e4 Rc6 62.e5 Re6 63.c5 Rc6 64.e6 Rxe6
65.c6 Rxc6  0-1

[Event "40th TCh-GRE 2012"]
[Site "Achaea GRE"]
[Date "2012.07.04"]
[Round "6.4"]
[White "Malikentzos,S"]
[Black "Tsarouhas,K"]
[Result "1-0"]
[WhiteElo "2324"]
[BlackElo "2205"]

1.d4 d5 2.Nf3 Nf6 3.c4 c6 4.Nc3 a6 5.Ne5 b5 6.cxd5 cxd5 7.Bf4 e6 8.e3 Bd6
9.Bd3 Bb7 10.O-O Nc6 11.Rc1 Bxe5 12.Bxe5 Nxe5 13.dxe5 Nd7 14.f4 Qb6 15.Qe2 Nc5
16.b4 Nxd3 17.Qxd3 O-O 18.Qd4 Qxd4 19.exd4 Rfc8 20.a3 Rc4 21.Rfd1 Kf8 22.Kf2 Ke7
23.Ke3 Bc6 24.Nb1 a5 25.Nd2 axb4 26.Nxc4 dxc4 27.axb4 Ra3+ 28.Kd2 Bxg2 29.Ra1 Rb3
30.Rdb1 Rd3+ 31.Ke1 Be4 32.Ra7+ Kf8 33.Rba1 Rxd4 34.Rc7 g5 35.Raa7 Bg6 36.fxg5 Kg7
37.Rab7 Re4+ 38.Kd2 Rxe5 39.Rc5 Re4 40.Rbxb5 Rh4 41.Rb8 Rxh2+ 42.Kc3 Rg2
43.b5 Be4 44.Kxc4 Bd5+ 45.Kd4 Rxg5 46.Rc1 Rg2 47.Rb1 Ba2 48.Rb4 Rd2+ 49.Ke3 Rd7
50.b6 Bd5 51.Rc8 h5 52.Kf4 Kf6 53.Kg3 e5 54.Rc7 Rd8 55.Rc5 Bb7 56.Rbb5 Re8
57.Rc7 Be4 58.b7 Rb8 59.Rb6+ Kg5 60.Rxf7 h4+ 61.Kh2 Bd5 62.Rd7 Be4 63.Re7 Kf5
64.Rb5 Kf4 65.Rb4 Kf5 66.Kh3 Kf4 67.Rf7+ Ke3 68.Kxh4 Bd5 69.Rd7 Bc6 70.Rc7 Bd5
71.Rb5 Kf4 72.Rh7 Be4 73.Rb4 Ke3 74.Re7 Kf4 75.Rf7+ Ke3 76.Kg5 Bd5 77.Rd7 Bc6
78.Rc7 Bd5 79.Kf6 e4 80.Ke5 Bxb7 81.Rbxb7 Re8+ 82.Re7 Rd8 83.Rb4  1-0

[Event "7th Wroclaw Open A"]
[Site "Wroclaw POL"]
[Date "2012.07.06"]
[Round "5.9"]
[White "Laurusas,T"]
[Black "Szumilas,Pi"]
[Result "1/2-1/2"]
[WhiteElo "2409"]
[BlackElo "2196"]

1.d4 d5 2.c4 c6 3.Nf3 Nf6 4.Nc3 a6 5.e3 b5 6.b3 Bg4 7.Be2 e6 8.O-O Nbd7 9.h3 Bh5
10.Bb2 Bd6 11.Ne5 Bxe2 12.Nxe2 bxc4 13.bxc4 O-O 14.Rc1 Qb8 15.Rb1 Qc7 16.Nxd7 Nxd7
17.c5 Be7 18.Qa4 Rfb8 19.Bc3 Bd8 20.Rxb8 Nxb8 21.Rb1 Nd7 22.Rb3 e5 23.Nc1 e4
24.Rb2 f5 25.Nb3 Bf6 26.Bb4 Rb8 27.a3 Qc8 28.Rb1 Rb5 29.Nd2 Qb7 30.Qc2 h6
31.Rb3 Qb8 32.Bc3 f4 33.exf4 Qxf4 34.a4 Rxb3 35.Nxb3 e3 36.Qe2 exf2+ 37.Qxf2 Qe4
38.Qe1 Qxe1+ 39.Bxe1 Kf7 40.Bf2 Bd8 41.Bg3 Ke6 42.Kf2 Nf6 43.Be5 Ne4+ 44.Ke3 g6
45.Kd3 h5 46.Bb8 g5 47.Ba7 g4 48.hxg4 Nf2+ 49.Ke3 Nxg4+ 50.Kf3 Nf6 51.Bb6 Be7
52.Nc1 Ne4 53.Nd3 Bf6 54.Nb4 Bxd4 55.Nxa6 Kd7 56.Nb8+ Kc8 57.Nxc6 Bxc5 58.Ba5 Kd7
59.Ne5+ Kd6 60.Nd3 Ba7 61.Bb4+ Kd7 62.Nf4 Nf6 63.Bf8 Bb8 64.Nd3 Ne4 65.Bg7 Ng5+
66.Ke3 Ne6 67.Bd4 Bc7 68.Ba7 Bh2 69.Kf3 Ng5+ 70.Ke2 Ne4 71.Bd4 Bc7 72.Kd1 Ng5
73.Kc2 h4 74.Nf2 Bg3 75.Nh3 Ne6 76.Be3 d4 77.Bd2 Nc5 78.a5 Kc6 79.Nf4 Kb5
80.Nh5 Be5 81.Be1 d3+ 82.Kd1 Nb3 83.Bxh4 Nxa5 84.Be1 Nc4 85.Bd2 Nxd2 86.Kxd2 Kc4
87.g4 Bc3+ 88.Kd1 Kd5 89.Nf4+ Ke4 90.Ne6 Ke5 91.Nc5 Kf4 92.g5  1/2-1/2

[Event "86th ch-ARG 2012"]
[Site "La Plata ARG"]
[Date "2012.07.07"]
[Round "5.8"]
[White "Slipak,S"]
[Black "Spata,G"]
[Result "1/2-1/2"]
[WhiteElo "2444"]
[BlackElo "2278"]

1.d4 d5 2.c4 c6 3.Nf3 Nf6 4.Nc3 a6 5.a4 g6 6.Bf4 Bg7 7.e3 a5 8.Be2 O-O 9.O-O Na6
10.Ne5 Nb4 11.Rc1 Nd7 12.cxd5 Nxe5 13.Bxe5 Bxe5 14.dxe5 cxd5 15.f4 Qb6 16.Qd4 Qxd4
17.exd4 Bd7 18.g4 f6 19.Kg2 Rac8 20.Kg3 f5 21.h3 Rc7 22.gxf5 Bxf5 23.Nb5 Rxc1
24.Rxc1 Bc2 25.Nc3 Bb3 26.Bg4 Rd8 27.Kf3 Nd3 28.Rg1 Kh8 29.Ke3 Nb4 30.f5 Nc2+
31.Kd3 Nb4+ 32.Kd2 Nd3 33.Ke3 Nb4 34.Kd2 Nc6  1/2-1/2

[Event "86th ch-ARG 2012"]
[Site "La Plata ARG"]
[Date "2012.07.09"]
[Round "7.7"]
[White "Slipak,S"]
[Black "Aparicio,A"]
[Result "1-0"]
[WhiteElo "2444"]
[BlackElo "2223"]

1.d4 d5 2.c4 c6 3.Nf3 Nf6 4.Nc3 a6 5.a4 g6 6.Bf4 Bg7 7.e3 O-O 8.Be2 a5 9.O-O Na6
10.Ne5 Nb4 11.Rc1 Be6 12.cxd5 Nbxd5 13.Nxd5 Bxd5 14.Nc4 Nd7 15.Bg3 c5 16.Bf3 Bxf3
17.Qxf3 cxd4 18.Qxb7 Nc5 19.Qb5 Ne4 20.Bf4 dxe3 21.Bxe3 Nd6 22.Nxd6 Qxd6
23.Rfd1 Qf6 24.b3 Rfb8 25.Qd5 Qb2 26.h3 e6 27.Qf3 Qxb3 28.Rd7 f5 29.g3 Be5
30.Qc6 Re8 31.Rc5 Qb2 32.Rb7 Qa1+ 33.Rc1 Rac8 34.Qd7  1-0

[Event "St. Pauli Open 2012"]
[Site "Hamburg GER"]
[Date "2012.07.10"]
[Round "4.9"]
[White "De Andres Gonalons,F"]
[Black "Hochgraefe,M"]
[Result "0-1"]
[WhiteElo "2123"]
[BlackElo "2345"]

1.d4 d5 2.c4 c6 3.Nf3 Nf6 4.Nc3 a6 5.c5 Nbd7 6.g3 e5 7.dxe5 Ng4 8.Qd4 h5
9.Na4 Qe7 10.Bg5 f6 11.exf6 gxf6 12.Bd2 Nxc5 13.Nxc5 Qxc5 14.Qxc5 Bxc5 15.e3 Bf5
16.h3 Ne5 17.Nxe5 fxe5 18.Be2 O-O-O 19.O-O-O d4 20.exd4 exd4 21.Bg5 d3 22.Bxh5 Rdg8
23.Bd2 Rxh5 24.g4 Bxg4 25.hxg4 Rxh1 26.Rxh1 Rxg4 27.Be3 Rc4+ 28.Kb1 Bxe3
29.fxe3 Re4 30.Rh3 Rg4 31.b3 Rg1+  0-1

[Event "16th Godesburg Open"]
[Site "Bad Godesberg GER"]
[Date "2012.07.11"]
[Round "5.17"]
[White "Begri,Felix"]
[Black "Spreemann,R"]
[Result "1-0"]
[WhiteElo "1896"]
[BlackElo "2026"]

1.d4 Nf6 2.c4 c6 3.Nf3 d5 4.Nc3 a6 5.e3 Bf5 6.Be2 e6 7.Nh4 Bg6 8.Nxg6 hxg6
9.Qc2 b5 10.cxd5 exd5 11.a3 Nbd7 12.Bf3 Rc8 13.Qe2 Nb6 14.O-O Ne4 15.Bxe4 dxe4
16.h3 f5 17.f3 Qg5 18.fxe4 Rxh3 19.e5 Qg3 20.Rf3 Qh2+ 21.Kf2 Rxf3+ 22.Qxf3 Be7
23.Ke2 a5 24.Bd2 b4 25.axb4 axb4 26.Nb5 Nd5 27.Ra6 Rb8 28.Nd6+ Kd7 29.Ra7+ Kd8
30.e4 Nc7 31.exf5 Bxd6 32.exd6 Nb5 33.Bg5+ Ke8 34.d7+ Kf8 35.fxg6+ Kg8 36.d8=Q+ Rxd8
37.Rxg7+  1-0

[Event "Int Open ch-SVK 2012"]
[Site "Banska Stiavnica SVK"]
[Date "2012.07.12"]
[Round "6.15"]
[White "Bednar,Jan"]
[Black "Kantorik,M"]
[Result "0-1"]
[WhiteElo "2158"]
[BlackElo "2305"]

1.d4 d5 2.c4 c6 3.Nf3 Nf6 4.Nc3 a6 5.Bf4 dxc4 6.a4 Nd5 7.e3 Nxf4 8.exf4 Bg4
9.d5 e6 10.dxe6 Qxd1+ 11.Rxd1 Bxe6 12.Ng5 b5 13.Nxe6 fxe6 14.g3 Nd7 15.Bg2 Rc8
16.axb5 axb5 17.O-O Nc5 18.Ne4 Nxe4 19.Bxe4 Be7 20.Rfe1 O-O 21.Bg2 Bf6 22.Re2 c5
23.Bh3 Rfe8 24.Rdd2 Kf7 25.Rd7+ Kf8 26.Rdd2 Rc6 27.Rc2 Rd6 28.Bg4 Kf7 29.f5 exf5
30.Bxf5 Rxe2 31.Rxe2 g6 32.Be4 Rd4 33.Bc6 b4 34.Bb5 Rd1+ 35.Kg2 Rc1 36.Re4 Bd4
37.Re2 Kf6 38.Bc6 Rb1 39.Bd5 Rxb2 40.Bxc4 Rxe2 41.Bxe2 Ke5 42.Bc4 Ba1 43.Kf3 Kd4
44.Bg8 Kd3 45.Bxh7 c4 46.Bxg6+ Kd2 47.Ke4 c3 48.Kd5 b3 49.Kc4 c2  0-1

[Event "119th ch-SCO 2012"]
[Site "Glasgow SCO"]
[Date "2012.07.12"]
[Round "6.1"]
[White "Gretarsson,Hj"]
[Black "Thorfinnsson,Br"]
[Result "1/2-1/2"]
[WhiteElo "2507"]
[BlackElo "2465"]

1.d4 d5 2.c4 c6 3.Nf3 Nf6 4.Nc3 a6 5.g3 b5 6.c5 a5 7.Bg2 g6 8.Bf4 Bg7 9.Qc1 h6
10.h3 Be6 11.a3 Nbd7 12.Ne5 Nxe5 13.Bxe5 O-O 14.O-O Qd7 15.Kh2 Kh7 16.Qd2 Rad8
17.Rad1 Ra8 18.f3 Rfd8 19.Qc2 h5 20.e3 Ne8 21.Bf4 Qb7 22.Qf2 Kg8 23.Rd2 f6
24.e4 dxe4 25.fxe4 Bc4 26.Re1 e5 27.Be3 exd4 28.Bxd4 Qc7 29.Be3 Rxd2 30.Bxd2 Rd8
31.Bf4 Qf7 32.Rd1 Rxd1 33.Nxd1 a4 34.Ne3 Be6 35.Nc2 Bf8 36.Be3 h4 37.g4 Qc7+
38.Kh1 Qe5 39.Nb4 Bd7 40.Nd3 Qe6 41.Qd2 g5 42.Nb4 Nc7 43.e5 fxe5 44.Bxg5 Bxc5
45.Bxh4 Bd4 46.Qg5+ Kf8 47.Nd3 Nd5 48.Be4 Qf7 49.Bf5 Bxf5 50.gxf5 e4 51.Nf4 Bf6
52.Ng6+ Ke8 53.Qh5 Bxb2 54.Qg4 Bf6 55.Qxe4+ Kd7  1/2-1/2

[Event "St. Pauli Open 2012"]
[Site "Hamburg GER"]
[Date "2012.07.12"]
[Round "6.9"]
[White "Ramme,C"]
[Black "Hochgraefe,M"]
[Result "1/2-1/2"]
[WhiteElo "2122"]
[BlackElo "2345"]

1.d4 d5 2.c4 c6 3.Nf3 Nf6 4.Nc3 a6 5.e3 b5 6.c5 Nbd7 7.Bd3 g6 8.b4 a5 9.bxa5 Rxa5
10.Bd2 Ra3 11.Bc2 Bg7 12.O-O O-O 13.Qc1 Ra8 14.Ne2 Qc7 15.Bc3 Re8 16.Qb2 Bf8
17.Ng3 Ng4 18.Rfe1 f5 19.a4 bxa4 20.Bxa4 Bg7 21.Bb3 Rxa1 22.Rxa1 e5 23.Ba5 Qb7
24.Bb6 exd4 25.exd4 Nxb6 26.cxb6 Nf6 27.Ba4 Nd7 28.Rc1 Qxb6 29.Qxb6 Nxb6
30.Bxc6 Bd7 31.Bxd7 Nxd7 32.Kf1 Nf6 33.Ne2 Ne4 34.h4 Bh6 35.Ra1 Rd8 36.g3  1/2-1/2

[Event "27th Gniota Memorial"]
[Site "Police POL"]
[Date "2012.07.12"]
[Round "2.3"]
[White "Shishkin,Va UKR"]
[Black "Tokarczyk,T"]
[Result "1-0"]
[WhiteElo "2485"]
[BlackElo "2220"]

1.d4 d5 2.c4 c6 3.Nf3 Nf6 4.Nc3 a6 5.c5 Bg4 6.Qb3 Ra7 7.Bf4 Nbd7 8.e4 Nxe4
9.Nxe4 Bxf3 10.gxf3 dxe4 11.Bc4 e6 12.fxe4 Qf6 13.Be3 Qf3 14.Rg1 Qxe4 15.O-O-O g6
16.d5 exd5 17.Rge1 Be7 18.Bxd5 Qf5 19.Bxf7+ Qxf7 20.Qxf7+ Kxf7 21.Rxd7 Rd8
22.Rxe7+  1-0